| 000 | 00830cam a2200265 i 4500 | ||
|---|---|---|---|
| 001 | 123048 | ||
| 005 | 20230404125641.0 | ||
| 008 | 160830s2007 mx r 000 0 spa d | ||
| 020 | _a9781921235382 | ||
| 020 | _a1921235381 | ||
| 041 | 0 | _aspa | |
| 050 | 1 | 4 | _aCD F |
| 100 | 1 |
_aGuevara, Ernesto, _d1928-1967. |
|
| 245 | 1 | 0 |
_aNotas para el estudio de la ideología de la Revolución Cubana / _cErnesto Che Guevara. |
| 260 |
_aMéxico. D. F. : _bOcean Sur, _c2007 |
||
| 300 |
_a13 p. ; _c23 cm. |
||
| 440 | 0 | _aLecturas para la reflexión. Ernesto Che Guevara. | |
| 651 | 0 |
_aCuba _xHistory _y1933-1959. |
|
| 651 | 0 |
_aCuba _xHistory _yRevolution, 1959. |
|
| 650 | 0 |
_aAnti-imperialist movements _zLatin America. |
|
| 651 | 4 |
_aCuba _xHistoria _y1933-1959. |
|
| 651 | 4 |
_aCuba _yRevolución, 1959. |
|
| 942 |
_2lcc _ccd |
||
| 946 | _aJaaM | ||
| 999 |
_c1873 _d1873 |
||